| Поле | Инд. | ПП | Название | Значение |
|---|---|---|---|---|
| Тип записи | a | |||
| Библиографический уровень | m | |||
| 001 | Контрольный номер | c649e242-d7f1-4dc0-b23a-13ae41679780 | ||
| 005 | Дата корректировки | 20131112113734.1 | ||
| 008 | Кодируемые данные | 041112 | ||
| 040 | a | Служба первич. каталог. | НБ ТвГУ | |
| 041 | a | Код языка текста | rus | |
| 080 | a | Индекс УДК | 811.161.1'373 | |
| 084 | a | Индекс другой классификации/Индекс ББК | Ш141.12-3я9 | |
| 090 | x | Авторский знак | В18 | |
| a | Полочн. индекс | Ш141.12 | ||
| 100 | 1_ | a | Автор | Вартаньян Эдуард Арамаисович |
| 245 | 10 | a | Заглавие | Путешествие в слово |
| b | Продолж. заглавия | кн. для внекл. чтения (8 - 10 кл.) | ||
| c | Ответственность | Э. А. Вартаньян | ||
| 250 | a | Основные сведения об издании | 3-е изд. | |
| b | Дополнительные сведения об издании | испр. | ||
| 260 | 0_ | a | Место издания | Москва |
| b | Издательство | Просвещение | ||
| c | Дата издания | 1987 | ||
| 300 | a | Объем | 207,[1] с. | |
| 440 | a | Серия | Мир знаний | |
| 650 | a | Основная рубрика | Русский язык | |
| x | Основная подрубрика | Лексикология | ||
| 653 | a | Ключевые слова | Русский язык | |
| a | Ключевые слова | Лексикология русского языка | ||
| 852 | t | Порядковый номер экземпляра | 2 | |
| p | Инвентарный номер | 576989 | ||
| p | Инвентарный номер | 576990 | ||
| 863 | t | 00039581 | ||
| 863 | t | 00039564 | ||
| 930 | a | Новая/Ретро | популярная | |
| 954 | a | Дата поступления на обработку | 20051003 | |
| 999 | a | Подразделение 2 | аб. |